| 000 | 00712nam a2200193 i 4500 | ||
|---|---|---|---|
| 001 | 46857 | ||
| 003 | ES-MaACL | ||
| 005 | 20250811025841.0 | ||
| 007 | t| | ||
| 008 | 030401s1929 sp ||||1| spa d | ||
| 110 | 2 |
_aConsejo de la Economía Nacional. Madrid. _9200933 |
|
| 245 | 1 | 0 |
_aEstadística de Navegación exterior de España / _cConsejo de la Economía Nacional. |
| 260 |
_aMadrid : _b[s.n.], _c1929 ( _fSucs. de Rivadeneyra) |
||
| 300 |
_a2 v. ; _c24 cm. |
||
| 500 | _aPrecede al tít.: Ministerio de Economía Nacional. Sección de Estadística. | ||
| 710 | 1 |
_aEspaña. _bMinisterio de Educación Nacional. _bSección Estadística _93861 |
|
| 852 |
_aES-MaACL _jC-12159-60 |
||
| 999 |
_c46857 _d46857 |
||